000 00377nam a2200145Ia 4500
008 230711s9999||||xx |||||||||||||| ||und||
041 _aENG
082 _a4
_bLE-M
100 _aLeventhal Lance A
245 0 _aIntroduction to microprocessor
250 _a2nd
260 _c1990
_aNew Delhi
_bPrentice-Hall of India Private Limited
650 _aComputer Engineering
942 _cBK
999 _c237
_d237